The Goodman and Gilman;s pharmacological basis of therapeutics

oodman & Gilman’s: The Pharmacological Basis of Therapeutics, Thirteenth Edition represents the pinnacle of authority and accuracy in describing the actions and uses of therapeutic agents in relation to physiology and pathophysiology. Goodman & Gilman’s careful balance of basic science and c...

সম্পূর্ণ বিবরণ

সংরক্ষণ করুন:
গ্রন্থ-পঞ্জীর বিবরন
বিন্যাস: গ্রন্থ
ভাষা:Undetermined
প্রকাশিত: New York Pergamon Press 1991
বিষয়গুলি:
ট্যাগগুলো: ট্যাগ যুক্ত করুন
কোনো ট্যাগ নেই, প্রথমজন হিসাবে ট্যাগ করুন!
Thư viện lưu trữ: Trung tâm Học liệu Trường Đại học Cần Thơ
LEADER 01019nam a2200181Ia 4500
001 CTU_220215
008 210402s9999 xx 000 0 und d
082 |a 615.7 
082 |b G653 
245 4 |a The Goodman and Gilman;s pharmacological basis of therapeutics 
245 0 |c Editors Alfred Goodman Gilman ... [et al. 
260 |a New York 
260 |b Pergamon Press 
260 |c 1991 
520 |a oodman & Gilman’s: The Pharmacological Basis of Therapeutics, Thirteenth Edition represents the pinnacle of authority and accuracy in describing the actions and uses of therapeutic agents in relation to physiology and pathophysiology. Goodman & Gilman’s careful balance of basic science and clinical application has guided thousands of practitioners and students to a clear understanding of the drugs essential to preventing, diagnosing, and treating disease. 
650 |a Pharmacology,Chemotherapy,Dược học,Hóa trị 
904 |i Tuyến 
980 |a Trung tâm Học liệu Trường Đại học Cần Thơ